000 01361nam0a22002411 4500
001 rc\3538431
005 20260407081755.0
035 _a(NLR Aleph) 007632492
090 _a6038211
_c6038211
100 _a20130115a19719999|||y0rusy50 ca
101 0 _arus
102 _aRU
105 _ay z |||||
200 1 _aПлан научно-исследовательской работы Всесоюзного института по изучению причин и разработке мер предупреждения преступности
_aОтчет Всесоюзного института по изучению причин и разработке мер предупреждения преступности
210 _aМосква
_cБ. и.
_d1971-
333 _aДля служебного пользования
710 0 2 _aВсесоюзный институт по изучению причин и разработке мер предупреждения преступности
_3RU\NLR\AUTH\887230
_9286523
801 0 _aRU
_bNLR
_gpsbo
801 1 _aRU
_bELAR
_2rusmarc
830 _aПеречень имеющихся в библиотеке томов, номеров, годов этого издания смотри в каталоге периодических изданий
852 _aNLR
_jП22/3237
942 _cBOOK
980 _aNB